| 000 | 00372 a2200133 4500 | ||
|---|---|---|---|
| 001 | 87740 | ||
| 082 | _aPR 117 | ||
| 090 |
_c41199 _d41199 |
||
| 100 | _aAbdul Qadir Arslan, Plt Off 14993 | ||
| 245 | _aDesign and implementation control system for quad-rotor UAV | ||
| 260 |
_aRisalpur _bNUST Risalpur _c2010 |
||
| 300 |
_aix, 68p. _eFarid Gul |
||
| 500 | _aBE Project Reports | ||
| 942 |
_aCAE NUST _kPR 117 |
||
| 999 |
_c322813 _d322813 |
||